[Event "SVK-chT5 SE-SI 1415"]
[Site "Slovakia"]
[Date "2015.03.21"]
[Round "11.3"]
[White "Kastler, Peter"]
[Black "Petras, Michal"]
[Result "1-0"]
[WhiteElo "1757"]
[BlackElo "1255"]
[PlyCount "77"]
[EventDate "2014.10.18"]
[EventType "team-tourn"]
[EventRounds "11"]
[EventCountry "SVK"]
[SourceTitle "EXT 2022"]
[Source "ChessBase"]
[SourceDate "2021.10.06"]
[SourceVersion "1"]
[SourceVersionDate "2021.10.06"]
[SourceQuality "1"]
[WhiteTeam "Gbely Nafta III"]
[BlackTeam "Sastin Straze"]
[WhiteTeamCountry "SVK"]
[BlackTeamCountry "SVK"]

1. d4 d5 2. c4 e6 3. Nc3 Nf6 4. e3 Nc6 5. Bd3 Bb4 6. Bd2 0-0 7. Nf3 Re8 8. a3 Bxc3 9. Bxc3 dxc4 10. Bxc4 Nd5 11. 0-0 Nxc3 12. bxc3 Qf6 13. Bb5 Bd7 14. Ne5 Nxe5 15. dxe5 Qe7 16. Qxd7 Qxd7 17. Bxd7 Re7 18. Ba4 Rd8 19. Rad1 Rd5 20. e4 Rxd1 21. Rxd1 h6 22. Rd7 Rxd7 23. Bxd7 Kf8 24. Kf1 Ke7 25. Ba4 c6 26. Ke2 Kd7 27. Kd3 Kc7 28. Bb3 b5 29. Kd4 Kb6 30. c4 c5+ 31. Kc3 a6 32. f4 Ka5 33. g4 b4+ 34. axb4+ cxb4+ 35. Kd4 Kb6 36. h4 Kc6 37. Ba4+ Kb6 38. c5+ Kc7 39. Kc4 1-0

[Event "SVK-chT5 SE-SI 1314"]
[Site "Slovakia"]
[Date "2013.10.19"]
[Round "1.2"]
[White "Cambal, Peter"]
[Black "Petras, Michal"]
[Result "1/2-1/2"]
[WhiteElo "1014"]
[BlackElo "1268"]
[PlyCount "70"]
[EventDate "2013.10.19"]
[EventType "team-tourn"]
[EventRounds "11"]
[EventCountry "SVK"]
[SourceTitle "EXT 2022"]
[Source "ChessBase"]
[SourceDate "2021.10.06"]
[SourceVersion "1"]
[SourceVersionDate "2021.10.06"]
[SourceQuality "1"]
[WhiteTeam "Holic II"]
[BlackTeam "Sastin Straze"]
[WhiteTeamCountry "SVK"]
[BlackTeamCountry "SVK"]

1. e4 d5 2. exd5 Qxd5 3. Nc3 Qa5 4. f4 Nf6 5. a3 e6 6. b4 Bxb4 7. Bb2 Bd6 8. Qf3 0-0 9. Nh3 Nc6 10. Ne4 Nxe4 11. Qxe4 Qf5 12. Bd3 Qxe4+ 13. Bxe4 h6 14. 0-0 Ne7 15. d4 c6 16. Rf3 c5 17. Rd1 Bd7 18. Kh1 Bc6 19. Nf2 cxd4 20. Bxd4 Rad8 21. Rdd3 Bxe4 22. Nxe4 Bxa3 23. Bxa7 Bb2 24. Bf2 Rb8 25. Bh4 Nf5 26. Bf2 Rfc8 27. g4 Ne7 28. f5 exf5 29. gxf5 f6 30. Bh4 Rxc2 31. Rg3 Nxf5 32. Rg4 Nxh4 33. Rxh4 Rc4 34. Nxf6+ Bxf6 35. Rxc4 Kh7 1/2-1/2